000 01297nam a2200265Ia 4500
003 OSt
005 20200930220523.0
008 191128t2006 ck ao gr 000 0 spa d
020 _a9789583019555
040 _aCO-JMCR
_cCO-JMCR
041 0 _aspa
082 0 4 _a927.8 /
_bA135k
_223
100 1 _aAbdahllah, Ricardo,
_eautor
_911075
245 1 0 _aKurt Cobain :
_bel rock estaba muerto /
_cRicardo Abdahllah
250 _aPrimera edición
260 _aBogotá :
_bPanamericana,
_c©2006
300 _a172 páginas :
_bfotografías a blanco y negro ;
_c21 cm.
490 0 _a100 personajes autores
505 0 _aUna ciudad promedio -- Las primeras guitarras de Kurt Cobain -- Un "pequeño grupo" llamado Nirvana -- En el camino -- La independencia del punk y el perfume de las chicas -- Algo en el aire -- La revolución grunge
520 3 _aKurt Cobain vivió sólo 27 años. Igual que Jim Morrison, Janis Joplin y Jimi Hendrix. Como ellos, redefinió el sonido del rock y le devolvió la vida en un momento en que las poses de las superestrellas y el virtuosismo de si músicos lo habían alejado de su
600 1 4 _aCobain, Kurt,
_xbiografías
_y1967-1994
_911076
650 1 4 _aMúsica estadounidenses
_911077
650 1 4 _aMusicos estadounidenses
_xbiografías
_911078
942 _2ddc
_cBK
999 _c3246
_d3246